[Event "Ch Argentina (team)"]
[Site "masterchessopen.com Villa Martelli (Argentina)"]
[Date "2008.09.06"]
[Round "5"]
[White "Liascovich Lucas (ARG)"]
[Black "Giardelli Sergio C (ARG)"]
[Result "1-0"]
[WhiteElo "2430"]
[BlackElo "2378"]

1.d4 Nf6 2.c4 e6 3.Nc3 Bb4 4.e3 O-O 5.Ne2 d5 6.a3 Be7 7.cxd5 exd5 8.Ng3 b6
9.Bd3 Re8 10.O-O c5 11.Nh5 Bb7 12.Nxf6+ Bxf6 13.dxc5 bxc5 14.Qb3 Re7 15.Rd1
Bxc3 16.Qxc3 Qb6 17.b4 cxb4 18.axb4 Rc7 19.Qb2 Nc6 20.b5 Ne5 21.Qb1 Nc4
22.Bxh7+ Kh8 23.Bc2 Rc5 24.Ba4 Rac8 25.Rd4 Kg8 26.h3 Qf6 27.Bb2 Nxb2 28.Qxb2
Rc4 29.Bd1 R4c5 30.Bf3 Qb6 {#r} 1-0

[Event "It (open)"]
[Site "masterchessopen.com Borup (Denmark)"]
[Date "2008.09.11"]
[Round "5"]
[White "Bekker-Jensen Simon (DEN)"]
[Black "Schandorff Lars (DEN)"]
[Result "1-0"]
[WhiteElo "2410"]
[BlackElo "2520"]

1.d4 Nf6 2.c4 e6 3.Nc3 Bb4 4.e3 O-O 5.Ne2 Re8 6.a3 Bf8 7.Ng3 d5 8.cxd5 exd5
9.b4 Nbd7 10.Bd3 Nb6 11.O-O Be6 12.f3 a5 13.Rb1 axb4 14.axb4 c6 15.Nce2 Ra4
16.Bd2 Bd6 17.Qc2 Qa8 18.e4 Ra2 19.Rb2 Rxb2 20.Qxb2 dxe4 21.fxe4 Bxg3 22.Nxg3
Bc4 23.Qc3 Bxd3 24.Qxd3 Qa2 25.e5 Qc4 26.Qf3 Qxd4+ 27.Be3 Qxe5 28.Bxb6 Qe6
29.Bd4 Nd5 30.Nf5 f6 31.Qg3 Qd7 32.h4 Nxb4 33.Bxf6 {#r} 1-0

[Event "Ch Greece (w)"]
[Site "masterchessopen.com Greece"]
[Date "2008.09.11"]
[Round "8"]
[White "Botsari Anna-Maria (GRE)"]
[Black "Pavlidou Ekaterini (GRE)"]
[Result "1-0"]
[WhiteElo "2308"]
[BlackElo "2139"]

1.d4 Nf6 2.c4 e6 3.Nc3 Bb4 4.e3 O-O 5.Ne2 d5 6.a3 Be7 7.cxd5 exd5 8.b4 c6
9.Ng3 Re8 10.Bd3 Bf8 11.O-O Be6 12.f4 b6 13.f5 Bc8 14.Qf3 Ba6 15.b5 Bb7 16.Nh5
Nbd7 17.bxc6 Bxc6 18.Nf4 Nb8 19.Bb2 Ne4 20.Bxe4 dxe4 21.Qg4 Nd7 22.Nh5 Nf6
23.Nxf6+ Qxf6 24.Rf2 Qe7 25.d5 Bd7 26.Rd1 h6 27.h4 Qe5 28.d6 Bxd6 29.Rxd6 Qxd6
30.Nxe4 Qf8 31.Nf6+ Kh8 32.Nxd7 Qg8 33.f6 g6 34.Ne5 Kh7 35.h5 g5 36.Qf5+ Kh8
{#r} 1-0

[Event "Memorial E.Geller (open)"]
[Site "masterchessopen.com Odessa (Ukraine)"]
[Date "2008.09.17"]
[Round "9"]
[White "Garifulin Alexander (UKR)"]
[Black "Grekh Andrey (UKR)"]
[Result "1-0"]
[WhiteElo "2288"]
[BlackElo "2391"]

1.d4 Nf6 2.c4 e6 3.Nc3 Bb4 4.e3 O-O 5.Ne2 Re8 6.a3 Bf8 7.Qc2 d5 8.Nf4 c5
9.dxc5 Bxc5 10.Be2 dxc4 11.Bxc4 e5 12.Nfd5 Nxd5 13.Bxd5 Nc6 14.O-O Be6 15.Rd1
Qh4 16.Nb5 Bb6 17.Nd6 Bxd5 18.Rxd5 Rad8 19.Bd2 Qg4 20.Bc3 Qe6 21.Rad1 Re7
22.R5d2 e4 23.b4 f5 24.b5 f4 25.bxc6 fxe3 26.Rd5 exf2+ 27.Kf1 bxc6 28.Re5 Qf6
29.Qb3+ {#r} 1-0

[Event "Memorial M.Chigorin (open)"]
[Site "masterchessopen.com St. Petersburg (Russia)"]
[Date "2008.10.06"]
[Round "4"]
[White "Popov Valerij (RUS)"]
[Black "Domogaev Sergey (RUS)"]
[Result "1-0"]
[WhiteElo "2542"]
[BlackElo "2354"]

1.d4 Nf6 2.c4 e6 3.Nc3 Bb4 4.e3 O-O 5.Ne2 b6 6.a3 Be7 7.Nf4 d6 8.Bd3 c6 9.O-O
e5 10.Nfe2 Nh5 11.b4 Bb7 12.d5 c5 13.bxc5 bxc5 14.g4 Nf6 15.Ng3 Bc8 16.g5 Ne8
17.f4 g6 18.h4 f5 19.e4 Ng7 20.exf5 Nxf5 21.Nxf5 gxf5 22.fxe5 dxe5 23.Bb2 e4
24.Nxe4 fxe4 25.Bxe4 Rxf1+ 26.Qxf1 {#r} 1-0

[Event "Belgrade Premier League"]
[Site "masterchessopen.com Belgrade (Serbia)"]
[Date "2008.10.10"]
[Round "6"]
[White "Ivanovic Nikola (SRB)"]
[Black "Blesic Vaso (SRB)"]
[Result "0-1"]
[WhiteElo "2212"]
[BlackElo "2301"]

1.d4 Nf6 2.c4 e6 3.Nc3 Bb4 4.e3 O-O 5.Ne2 d5 6.a3 Be7 7.c5 b6 8.b4 a5 9.Bd2
bxc5 10.bxc5 e5 11.Ng3 Nc6 12.Bb5 exd4 13.Bxc6 dxc3 14.Bxc3 Ra6 15.Bb5 Bxc5
16.O-O Rd6 17.Bxa5 Ng4 18.Be2 Qh4 19.Bxg4 Bxg4 20.Qa4 Rh6 21.h3 d4 22.exd4
Bxh3 23.gxh3 Bxd4 24.Kg2 Qxh3+ 25.Kf3 Rf6+ 26.Ke2 Qg4+ 27.Kd3 Qf3+ 28.Kc2 Rc6+
29.Kd2 Bxa1 {#R} 0-1

[Event "Cup European Club (final)"]
[Site "masterchessopen.com Kallithea (Greece)"]
[Date "2008.10.18"]
[Round "2"]
[White "Howell A"]
[Black "Israel Gregory (FRA)"]
[Result "0-1"]
[WhiteElo "1879"]
[BlackElo "2159"]

1.d4 Nf6 2.c4 e6 3.Nc3 Bb4 4.e3 O-O 5.Ne2 d5 6.a3 Be7 7.Ng3 Re8 8.Bd3 b6 9.O-O
Bb7 10.e4 dxe4 11.Ngxe4 Qxd4 12.Be3 Qd8 13.Qc2 Nbd7 14.Rad1 Qc8 15.Qe2 c5
16.Nd6 Bxd6 17.Bxh7+ Nxh7 18.Rxd6 Ndf6 19.Rfd1 e5 20.f3 e4 21.fxe4 Nxe4
22.Nxe4 Bxe4 23.Qf2 Qg4 24.h3 Qxg2+ 25.Qxg2 Bxg2 {#R} 0-1

[Event "It (open)"]
[Site "masterchessopen.com Obrenovac (Serbia)"]
[Date "2008.11.01"]
[Round "5"]
[White "Ganaus Hannes (AUT)"]
[Black "Maksimovic Branimir (SRB)"]
[Result "0-1"]
[WhiteElo "2275"]
[BlackElo "2418"]

1.d4 Nf6 2.c4 e6 3.Nc3 Bb4 4.e3 O-O 5.Ne2 d5 6.cxd5 exd5 7.g3 Re8 8.Bg2 c6
9.O-O Bf8 10.f3 c5 11.Re1 Nc6 12.g4 h6 13.Bd2 a6 14.Na4 c4 15.Ng3 b5 16.Nc3
Nb4 17.Bf1 Bd6 18.Kg2 Nc6 19.h3 Ne7 20.Kf2 Ng6 21.Bg2 Nh4 22.Bh1 Bb7 23.Nce2
Nh7 24.Rg1 Ng5 25.Qf1 {#R} 0-1

[Event "Olympiad"]
[Site "masterchessopen.com Dresden (Germany)"]
[Date "2008.11.20"]
[Round "7"]
[White "Glud Jacob Vang (DEN)"]
[Black "Laouini Sami (TUN)"]
[Result "1-0"]
[WhiteElo "2444"]
[BlackElo "2209"]

1.d4 Nf6 2.c4 e6 3.Nc3 Bb4 4.e3 O-O 5.Ne2 b6 6.a3 Be7 7.g3 Ba6 8.Bg2 d5 9.cxd5
exd5 10.O-O Bb7 11.b4 a6 12.Qb3 c6 13.a4 b5 14.a5 Nbd7 15.f3 Ne8 16.e4 dxe4
17.fxe4 Nd6 18.e5 Nc4 19.Ne4 Nb8 20.Qf3 Ra7 21.Qh5 f6 22.exf6 Bxf6 23.Nxf6+
gxf6 24.Qc5 Ra8 25.Bh6 Rf7 26.Rf4 Nd7 27.Qh5 Qe7 28.Re4 Nde5 29.dxe5 f5 30.Bg5
Qxb4 31.e6 Rc7 32.Rd4 {#r} 1-0

[Event "Czech League 2008/09 (2nd) (c)"]
[Site "masterchessopen.com Czech Republic"]
[Date "2008.11.23"]
[Round "3"]
[White "Vacek Martin (CZE)"]
[Black "Prandstetter Eduard (CZE)"]
[Result "1-0"]
[WhiteElo "2308"]
[BlackElo "2343"]

1.d4 Nf6 2.c4 e6 3.Nc3 Bb4 4.e3 O-O 5.Ne2 d5 6.a3 Be7 7.cxd5 exd5 8.Nf4 c6
9.Bd3 Re8 10.O-O Nbd7 11.b4 a6 12.Bd2 b5 13.e4 dxe4 14.Nxe4 Nxe4 15.Bxe4 Bb7
16.Qf3 Nf6 17.Bxc6 Bxc6 18.Qxc6 Qxd4 19.Be3 Qe4 20.Qxe4 Nxe4 21.Nd5 Bd6
22.Rac1 Red8 23.Rfd1 Be5 24.f3 Nf6 25.Ne7+ Kf8 26.Bc5 Rxd1+ 27.Rxd1 Bb2
28.Nc8+ Ke8 29.Nd6+ {#r} 1-0

[Event "It"]
[Site "masterchessopen.com Wolvega (Netherlands)"]
[Date "2008.11.29"]
[Round "3"]
[White "Jussupow Artur (GER)"]
[Black "Van Den Doel Erik (NED)"]
[Result "1-0"]
[WhiteElo "2570"]
[BlackElo "2570"]

1.d4 Nf6 2.c4 e6 3.Nc3 Bb4 4.e3 O-O 5.Ne2 d5 6.a3 Be7 7.cxd5 exd5 8.g3 a5
9.Bg2 c6 10.O-O Na6 11.f3 c5 12.Kh1 Nc7 13.Bd2 b6 14.Be1 Ba6 15.Bf2 Ne6 16.Re1
b5 17.dxc5 Bxc5 18.Nd4 Nxd4 19.exd4 Be7 20.Bf1 b4 21.Nb5 bxa3 22.bxa3 Qd7
23.a4 Bb4 24.Re5 Rfc8 25.Bd3 g6 26.g4 Bxb5 27.Bxb5 Qd6 28.Qe2 Nd7 29.Re3 Nf8
30.Bg3 Qb6 31.Rd1 Bd6 32.f4 Qd8 33.Qf3 Ne6 34.f5 Nf8 35.fxg6 hxg6 36.Rf1 {#r}
1-0

[Event "It (open)"]
[Site "masterchessopen.com Pavlodar (Kazakhstan)"]
[Round "4"]
[White "Grebenshikov V (KAZ)"]
[Black "Nukin Ashat (KAZ)"]
[Result "0-1"]
[WhiteElo "2300"]
[BlackElo "2262"]

1.d4 Nf6 2.c4 e6 3.Nc3 Bb4 4.e3 O-O 5.Ne2 d5 6.a3 Be7 7.Ng3 c5 8.dxc5 a5
9.cxd5 exd5 10.Na4 Nbd7 11.Qd4 Qc7 12.b4 axb4 13.axb4 Ne4 14.Nxe4 dxe4 15.Qxe4
Nf6 16.Qb1 Qc6 17.Nb6 Bf5 18.Qb2 Rxa1 19.Qxa1 Ng4 20.h4 Rd8 21.f3 Qxb6 22.fxg4
Qxb4+ 23.Kf2 Bxg4 24.Qe5 Bxc5 25.h5 Rd1 26.Bc4 Qxc4 27.Rxd1 Bxd1 28.h6 gxh6
29.Qg3+ {#R} 0-1

[Event "It (masters)"]
[Site "masterchessopen.com Hastings (England)"]
[Round "4"]
[White "Mitchell Martin (SCO)"]
[Black "Prosviriakov Vladimir (USA)"]
[Result "0-1"]
[WhiteElo "2169"]
[BlackElo "2327"]

1.d4 Nf6 2.c4 e6 3.Nc3 Bb4 4.e3 O-O 5.Ne2 d5 6.a3 Be7 7.cxd5 exd5 8.g3 a5
9.Bg2 c6 10.O-O Re8 11.Nf4 Nbd7 12.f3 Nf8 13.h3 Ne6 14.Nfe2 c5 15.dxc5 Bxc5
16.Nd4 Bd7 17.b3 Qc7 18.Nde2 d4 19.exd4 Nxd4 20.Nxd4 Qe5 21.Kh2 Bxd4 22.f4 Qc5
23.Bd2 Bxc3 24.Rc1 Bb5 25.Bxc3 Bxf1 26.Bxf6 Qf5 27.Qxf1 Qxf6 28.Rc7 Rad8
29.Rxb7 h5 30.Qf3 Rd2 31.Kg1 g6 32.Rb5 Ree2 33.Bf1 Qd4+ 34.Kh1 Rh2# 0-1

[Event "It (open)"]
[Site "masterchessopen.com Krakow (Poland)"]
[Round "6"]
[White "Klim Kamil (POL)"]
[Black "Warakomska Anna (POL)"]
[Result "1-0"]
[WhiteElo "2249"]
[BlackElo "2169"]

1.d4 Nf6 2.c4 e6 3.Nc3 Bb4 4.e3 O-O 5.Ne2 d5 6.a3 Be7 7.cxd5 exd5 8.Ng3 Re8
9.Bd3 c6 10.O-O Bf8 11.b4 a6 12.Na4 Be6 13.Bc2 Nbd7 14.Qd3 g6 15.Bb2 Ne4
16.Nc5 Nd6 17.Rad1 a5 18.f3 axb4 19.axb4 Nc4 20.Bc1 b6 21.Nxe6 Rxe6 22.e4 Bxb4
23.f4 Re8 24.f5 Na3 25.fxg6 hxg6 26.exd5 c5 27.Rxf7 Nf8 28.Rxf8+ {#r} 1-0

[Event "Memorial Tringov (open)"]
[Site "masterchessopen.com Plovdiv (Bulgaria)"]
[Date "2009.02.05"]
[Round "7"]
[White "Nikolaidis Konstantinos (GRE)"]
[Black "Stamenkov Vanco (MKD)"]
[Result "0-1"]
[WhiteElo "2270"]
[BlackElo "2342"]

1.d4 Nf6 2.c4 e6 3.Nc3 Bb4 4.e3 O-O 5.Ne2 d5 6.a3 Bd6 7.c5 Be7 8.b4 b6 9.Rb1
c6 10.Ng3 bxc5 11.bxc5 e5 12.Be2 Nfd7 13.O-O g6 14.Qa4 Bf6 15.Bd2 h5 16.Rfd1
Re8 17.Be1 exd4 18.exd4 h4 19.Nf1 Nf8 20.Bf3 Ne6 21.Nxd5 cxd5 22.Bxd5 Bd7
23.c6 Nxc6 24.Bxc6 Bxc6 25.Qxc6 Nxd4 26.Qc5 h3 27.gxh3 Rc8 28.Qa5 Qd7 29.Qb4
Nf3+ 30.Kh1 Qxh3 31.Bd2 Be5 32.Bf4 Nh4 {#R} 0-1

[Event "Ch Russia (juniors) (under 14)"]
[Site "masterchessopen.com Dagomys (Russia)"]
[Round "2"]
[White "Yudin Ivan (RUS)"]
[Black "Mihnenko Nikita (RUS)"]
[Result "1-0"]
[WhiteElo "2256"]
[BlackElo "1931"]

1.d4 Nf6 2.c4 e6 3.Nc3 Bb4 4.e3 O-O 5.Ne2 d5 6.a3 Bxc3+ 7.Nxc3 Nbd7 8.b3 b6
9.Bd3 Bb7 10.O-O e5 11.cxd5 Nxd5 12.Nxd5 Bxd5 13.e4 Bb7 14.d5 f5 15.exf5 Bxd5
16.Bc2 Nf6 17.Re1 Qd6 18.Bb2 Rfe8 19.Qe2 Qc6 20.Bd3 Qb7 21.Ba6 Qb8 22.Bxe5 Nd7
23.Qd2 Bc6 24.Bb2 Rxe1+ 25.Rxe1 Qf8 26.Qc3 Nc5 27.Bc4+ Kh8 28.f6 {#r} 1-0

[Event "Tournament (Elo)"]
[Site "masterchessopen.com Saratov (Russia)"]
[Date "2009.04.05"]
[Round "10"]
[White "Turbanov Gennady (RUS)"]
[Black "Korchmar Vasiliy (RUS)"]
[Result "0-1"]
[WhiteElo "1933"]
[BlackElo "2163"]

1.d4 Nf6 2.c4 e6 3.Nc3 Bb4 4.e3 O-O 5.Ne2 b6 6.a3 Bxc3+ 7.Nxc3 Bb7 8.d5 Qe7
9.Be2 a5 10.O-O exd5 11.cxd5 Na6 12.Kh1 Ne4 13.Nxe4 Qxe4 14.Bf3 Qg6 15.Bd2 Nc5
16.Rc1 Ba6 17.Be2 Bxe2 18.Qxe2 Rfe8 19.f3 Rac8 20.b4 axb4 21.axb4 Nd3 22.Rc4
Ne5 23.Rc3 Qd6 24.e4 Ng6 25.Rfc1 Qxd5 26.Rxc7 Rxc7 27.Rxc7 Qd6 28.Rc4 Ra8
29.Bc3 Ra2 30.Rc8+ Nf8 31.Qe1 h6 32.e5 Qg6 33.g3 Qh5 34.Bd2 Qxf3+ 35.Kg1 Qd5
36.Bc3 Qg2# 0-1

[Event "Ch Russia (club)"]
[Site "masterchessopen.com Dagomys (Russia)"]
[Date "2009.04.09"]
[Round "6"]
[White "Volkov Sergey Viktorovich (RUS)"]
[Black "Chadaev Nikolai (RUS)"]
[Result "1-0"]
[WhiteElo "2607"]
[BlackElo "2549"]

1.d4 Nf6 2.c4 e6 3.Nc3 Bb4 4.e3 O-O 5.Ne2 Re8 6.a3 Bf8 7.d5 exd5 8.cxd5 c5
9.Ng3 d6 10.Be2 g6 11.e4 a6 12.a4 b6 13.O-O Bg7 14.Re1 Ra7 15.f3 Rae7 16.Bf4
Qc7 17.Qd2 Nbd7 18.Rac1 h5 19.Bg5 c4 20.Kh1 Bb7 21.Nf1 Qc5 22.b3 b5 23.axb5
axb5 24.Be3 Qb4 25.bxc4 bxc4 26.Rb1 Nxe4 27.Nxe4 Qxd2 28.Bxd2 Bxd5 29.Nxd6 c3
30.Bg5 c2 31.Rbc1 Rxe2 32.Nxe8 Rxe1 33.Rxe1 Bc3 34.Bd2 Bb2 35.Bc1 {#r} 1-0

[Event "It (open)"]
[Site "masterchessopen.com La Roda (Spain)"]
[Date "2009.04.10"]
[Round "4"]
[White "Pintor Munoz Antonio (ESP)"]
[Black "Rizouk Aimen (ALG)"]
[Result "0-1"]
[WhiteElo "2278"]
[BlackElo "2506"]

1.d4 Nf6 2.c4 e6 3.Nc3 Bb4 4.e3 O-O 5.Ne2 d5 6.a3 Be7 7.cxd5 exd5 8.g3 c6
9.Bg2 Na6 10.O-O Nc7 11.h3 a5 12.Nf4 Re8 13.g4 Bd6 14.f3 c5 15.g5 Bxf4 16.exf4
cxd4 17.Qxd4 Nh5 18.Rd1 Ng3 19.Qf2 Nf5 20.b3 d4 21.Ne2 d3 22.Bb2 Ne3 23.Rd2
Nxg2 24.Qxg2 Bxh3 25.Qxh3 Rxe2 26.Rad1 Qe7 27.Be5 Qc5+ 28.Kh1 Rxd2 {#R} 0-1

[Event "Memorial Arnold J. Eikrem (cat.10)"]
[Site "masterchessopen.com Oslo (Norway)"]
[Date "2009.04.10"]
[Round "7"]
[White "Macieja Bartlomiej (POL)"]
[Black "Kveinys Aloyzas (LTU)"]
[Result "1-0"]
[WhiteElo "2612"]
[BlackElo "2531"]

1.d4 Nf6 2.c4 e6 3.Nc3 Bb4 4.e3 O-O 5.Ne2 d5 6.a3 Be7 7.cxd5 exd5 8.g3 c6
9.Bg2 Na6 10.O-O Nc7 11.b4 a6 12.f3 Nb5 13.Qd3 Be6 14.Nf4 Qd7 15.Na4 Rae8
16.Nc5 Bxc5 17.Nxe6 Bxb4 18.Nxf8 Bxf8 19.Re1 a5 20.a4 Nd6 21.e4 h5 22.Ba3 Nc4
23.Bxf8 Rxf8 24.e5 Ne8 25.f4 f5 26.Rab1 b5 27.e6 Qc7 28.e7 Rf7 29.axb5 Ncd6
30.bxc6 Qxc6 31.Re5 Nf6 32.Qb3 Nde4 33.Qb8+ Ne8 34.Qb5 Qc8 35.Qxd5 {#r} 1-0

[Event "It (open)"]
[Site "masterchessopen.com Kragujevac (Yugoslavia)"]
[Date "2009.04.11"]
[Round "1"]
[White "Ostojic Nikola (SRB)"]
[Black "Huynh Arthur (AUS)"]
[Result "0-1"]
[WhiteElo "2404"]
[BlackElo "1989"]

1.d4 Nf6 2.c4 e6 3.Nc3 Bb4 4.e3 O-O 5.Ne2 d5 6.a3 Be7 7.cxd5 exd5 8.Nf4 c6
9.Bd3 Re8 10.O-O Nbd7 11.f3 Nf8 12.Bc2 Ne6 13.Nxe6 Bxe6 14.b4 a5 15.Rb1 axb4
16.axb4 b6 17.Qd3 c5 18.bxc5 bxc5 19.dxc5 Bxc5 20.Na4 Ba7 21.Kh1 Rc8 22.Rb7 d4
23.Bb3 dxe3 24.Qxd8 Rexd8 25.Bxe6 e2 26.Bxf7+ Kh8 27.Re1 Rxc1 {#R} 0-1

[Event "Ch France (team) 2009"]
[Site "masterchessopen.com France"]
[Date "2009.05.30"]
[Round "10"]
[White "Pucher Olivier (FRA)"]
[Black "Giffard Nicolas (FRA)"]
[Result "1-0"]
[WhiteElo "2337"]
[BlackElo "2357"]

1.d4 Nf6 2.c4 e6 3.Nc3 Bb4 4.e3 O-O 5.Ne2 d5 6.a3 Be7 7.cxd5 exd5 8.b4 Re8
9.Ng3 g6 10.Bd3 h5 11.h3 Nbd7 12.O-O Nf8 13.b5 h4 14.Nge2 Nh5 15.a4 Be6 16.e4
dxe4 17.Bxe4 Bc8 18.Bf3 Ng7 19.Nd5 Bd6 20.Nec3 Nh7 21.Ne4 Ne6 22.Nxd6 Qxd6
23.Re1 a6 24.Bf4 Qd8 25.Rc1 axb5 26.axb5 c6 27.bxc6 bxc6 28.Rxc6 Bd7 29.Rd6
Nxf4 30.Nxf4 Qa5 31.Re5 Rxe5 32.dxe5 Ba4 33.Qd5 Qe1+ 34.Kh2 Ra5 35.Rxg6+ {#r}
1-0

[Event "Tournament (Elo) (b)"]
[Site "masterchessopen.com Budapest (Hungary)"]
[Date "2009.06.09"]
[Round "4"]
[White "Bodrogi Laszlo (HUN)"]
[Black "Steffenello Leonard (BRA)"]
[Result "0-1"]
[WhiteElo "2048"]
[BlackElo "2128"]

1.d4 Nf6 2.c4 e6 3.Nc3 Bb4 4.e3 O-O 5.Ne2 d5 6.a3 Be7 7.Nf4 Re8 8.cxd5 exd5
9.Bd3 Bd6 10.O-O c6 11.Qc2 Qe7 12.e4 dxe4 13.Nxe4 Nxe4 14.Re1 Qc7 {#R} 0-1

[Event "Ch Bosnia & Herzegovina (team)"]
[Site "masterchessopen.com Banja Vrucica (Bosnia & Herzegovina)"]
[Date "2009.06.13"]
[Round "8"]
[White "Damljanovic Branko (SRB)"]
[Black "Dizdarevic Emir (CRO)"]
[Result "1-0"]
[WhiteElo "2551"]
[BlackElo "2481"]

1.d4 Nf6 2.c4 e6 3.Nc3 Bb4 4.e3 O-O 5.Ne2 d5 6.a3 Bd6 7.cxd5 exd5 8.g3 c6
9.Bg2 Na6 10.O-O Nc7 11.f3 c5 12.dxc5 Bxc5 13.b4 Bd6 14.Nd4 Bd7 15.Qd3 Rc8
16.Bb2 Na8 17.Nb3 Nb6 18.Na5 Rc7 19.Rfe1 Na4 20.Nxa4 Bxa4 21.Rac1 b6 22.Nb3
Rxc1 23.Rxc1 Re8 24.Nd4 Bd7 25.Ne2 h6 26.Nf4 a5 27.Nxd5 Nxd5 28.Qxd5 Be6
29.Qd4 Bf8 30.b5 Qxd4 31.Bxd4 Bxa3 32.Rc6 a4 33.Rxb6 Rc8 34.g4 Bc1 35.Ra6 a3
36.b6 {#r} 1-0

[Event "It (open)"]
[Site "masterchessopen.com Sort (Spain)"]
[Date "2009.06.24"]
[Round "1"]
[White "Colovic Aleksandar (MKD)"]
[Black "Devangi Patankar (IND)"]
[Result "1-0"]
[WhiteElo "2441"]
[BlackElo "2079"]

1.d4 Nf6 2.c4 e6 3.Nc3 Bb4 4.e3 O-O 5.Ne2 d5 6.a3 Bxc3+ 7.Nxc3 b6 8.b4 dxc4
9.Bxc4 Bb7 10.O-O c5 11.dxc5 Qc8 12.Qe2 bxc5 13.b5 a6 14.Bb2 Nbd7 15.a4 Ne5
16.Ba2 Rd8 17.Rfd1 Rxd1+ 18.Rxd1 axb5 19.Nxb5 Ned7 20.Nd6 Qc6 21.Nxb7 Qxb7
22.Bc4 Nd5 23.Bb5 N7b6 24.e4 Nf4 25.Qd2 Ng6 26.a5 Nc8 27.Qc3 f6 28.Rd8+ Nf8
29.Qxc5 {#r} 1-0

[Event "It (open)"]
[Site "masterchessopen.com Brno (Czech Republic)"]
[Date "2009.06.29"]
[Round "4"]
[White "Zavadil Michal (CZE)"]
[Black "Meszaros Ludek (CZE)"]
[Result "1-0"]
[WhiteElo "2089"]
[BlackElo "2238"]

1.d4 Nf6 2.c4 e6 3.Nc3 Bb4 4.e3 O-O 5.Ne2 Re8 6.a3 Bf8 7.e4 e5 8.d5 h6 9.Ng3
Bc5 10.Be2 d6 11.O-O c6 12.Qd3 a5 13.b3 Na6 14.Be3 Bxe3 15.Qxe3 Nc5 16.Rab1 a4
17.b4 Nb3 18.Nxa4 Nd4 19.Bd1 b5 20.Nc3 Rxa3 21.dxc6 Nxc6 22.Qc1 Ra8 23.Nxb5
Be6 24.c5 dxc5 25.bxc5 Qa5 26.Be2 Reb8 27.Ra1 Qb4 28.Rxa8 Rxa8 29.Nc7 Ra4
30.Bb5 Ra5 31.Bxc6 Bc4 32.Rd1 Rxc5 33.Qa1 Rxc6 34.Qa8+ Kh7 35.Qxc6 {#r} 1-0

[Event "Memorial T.Gniot (open)"]
[Site "masterchessopen.com Police (Poland)"]
[Date "2009.07.11"]
[Round "4"]
[White "Panczyk Krzysztof (POL)"]
[Black "Chlost Marlena (POL)"]
[Result "1-0"]
[WhiteElo "2340"]
[BlackElo "2148"]

1.d4 Nf6 2.c4 e6 3.Nc3 Bb4 4.e3 O-O 5.Ne2 d5 6.a3 Bd6 7.cxd5 exd5 8.g3 Re8
9.Bg2 c6 10.O-O Bf5 11.h3 h6 12.b3 Nbd7 13.Nf4 Bxf4 14.exf4 Ne4 15.Ne2 Qe7
16.g4 Nd6 17.Ng3 Be4 18.f3 Bh7 19.f5 Qh4 20.Kh2 g6 21.fxg6 fxg6 22.Bf4 Nf7
23.Qd2 Nf8 24.Rae1 Ne6 25.Be3 Re7 26.f4 Rae8 27.f5 gxf5 28.gxf5 Neg5 29.Rf4
Qxf4 30.Bxf4 Rxe1 31.h4 Bxf5 32.hxg5 hxg5 33.Nxf5 gxf4 34.Qxf4 Nh8 35.Qc7 {#r}
1-0

[Event "It (open)"]
[Site "masterchessopen.com Rethymno (Greece)"]
[Date "2009.07.13"]
[Round "2"]
[White "Banikas Hristos (GRE)"]
[Black "Townsend M Paul (ENG)"]
[Result "1-0"]
[WhiteElo "2598"]
[BlackElo "2183"]

1.d4 e6 2.c4 Nf6 3.Nc3 Bb4 4.e3 O-O 5.Ne2 d5 6.a3 Be7 7.cxd5 Nxd5 8.Bd2 Nd7
9.g3 Nxc3 10.Bxc3 c5 11.Bg2 cxd4 12.Qxd4 Bf6 13.Qd6 Nb6 14.O-O-O Qxd6 15.Rxd6
Nc4 16.Rd3 e5 17.Bd5 Nb6 18.Be4 Be6 19.Bb4 Rfc8+ 20.Nc3 a5 21.Bd6 Bc4 22.Rdd1
Ba6 23.Kb1 Nc4 24.Nd5 Nxd6 25.Nxf6+ gxf6 26.Rxd6 Rc7 27.Rxf6 Rd8 28.Rc1 Rcd7
29.Rf5 Rd2 30.Rc2 Bb5 31.Rxd2 Rxd2 32.Kc1 Rd7 33.Rxe5 Ba4 34.Rd5 Rc7+ 35.Kd2
{#r} 1-0

[Event "It (blitz)"]
[Site "masterchessopen.com Natanya (Israel)"]
[Date "2009.07.16"]
[Round "13"]
[White "Avrukh Boris (ISR)"]
[Black "Eljanov Pavel (UKR)"]
[Result "0-1"]
[WhiteElo "2641"]
[BlackElo "2716"]

1.d4 Nf6 2.c4 e6 3.Nc3 Bb4 4.e3 O-O 5.Ne2 d5 6.a3 Be7 7.g3 Nbd7 8.Bg2 Nb6
9.O-O a5 10.Qc2 Re8 11.Bd2 c6 12.cxd5 exd5 13.Rad1 a4 14.Bc1 Bf8 15.f3 Be6
16.Nf4 Qc8 17.e4 c5 18.Nxe6 fxe6 19.Ne2 cxd4 20.Qxc8 Raxc8 21.Nxd4 e5 22.Nf5
d4 23.f4 exf4 24.Rxf4 Rc2 25.Nh6+ gxh6 26.Rxf6 Nc4 27.e5 Rxe5 28.Bxb7 d3
29.Rdf1 Bc5+ 30.Kh1 {#R} 0-1

[Event "It (open)"]
[Site "masterchessopen.com Pardubice (Czech Republic)"]
[Date "2009.07.28"]
[Round "5"]
[White "Laznicka Viktor (CZE)"]
[Black "Stupak Kirill (BLR)"]
[Result "1-0"]
[WhiteElo "2617"]
[BlackElo "2449"]

1.d4 e6 2.c4 Nf6 3.Nc3 Bb4 4.e3 O-O 5.Ne2 d5 6.a3 Be7 7.cxd5 Nxd5 8.g3 b6
9.Nxd5 Qxd5 10.Rg1 Qd7 11.Bg2 c6 12.Nc3 Bb7 13.Qa4 Rd8 14.Bd2 e5 15.O-O-O exd4
16.exd4 Qxd4 17.Qxd4 Rxd4 18.Rge1 Bf8 19.Bf4 Rxd1+ 20.Rxd1 f6 21.h4 Be7 22.Nb5
a5 23.Re1 Bf8 24.Nc7 Ra7 25.Ne6 Nd7 26.Nxf8 Nxf8 27.Re7 {#r} 1-0

[Event "It (open)"]
[Site "masterchessopen.com Pamplona (Spain)"]
[Date "2009.08.01"]
[Round "8"]
[White "Aleksandrov Aleksej (BLR)"]
[Black "Pogorelov Ruslan (UKR)"]
[Result "1-0"]
[WhiteElo "2616"]
[BlackElo "2441"]

1.d4 e6 2.c4 Nf6 3.Nc3 Bb4 4.e3 O-O 5.Ne2 d5 6.cxd5 exd5 7.a3 Bd6 8.g3 c6
9.Bg2 Na6 10.O-O Nc7 11.Qc2 Re8 12.Bd2 Qe7 13.Rad1 Ne4 14.Bc1 Bf5 15.Qb3 Qd7
16.f3 Nxc3 17.Nxc3 h5 18.e4 Be6 19.Qc2 Rac8 20.Be3 Be7 21.Ne2 h4 22.Nf4 h3
23.Bh1 dxe4 24.Nxe6 Nxe6 25.fxe4 Bg5 26.Bf2 Qe7 27.e5 c5 28.dxc5 Nxc5 29.Bd5
Ne6 30.Qf5 g6 31.Qxh3 Rc2 32.b4 b6 33.Qg4 Bh6 34.Rd3 Bg7 35.h4 Qc7 36.Be3 {#r}
1-0

[Event "It (open)"]
[Site "masterchessopen.com Figueres (Spain)"]
[Date "2009.08.02"]
[Round "3"]
[White "Gonzalez Manchon Juan Miguel (ESP)"]
[Black "Cuadras Avellana Jorge (ESP)"]
[Result "0-1"]
[WhiteElo "2069"]
[BlackElo "2331"]

1.d4 Nf6 2.c4 e6 3.Nc3 Bb4 4.e3 O-O 5.Ne2 d5 6.a3 Be7 7.Ng3 Re8 8.Bd3 c5 9.O-O
Nc6 10.dxc5 Bxc5 11.b4 Bf8 12.Bb2 a5 13.Nb5 dxc4 14.Bxc4 axb4 15.Bxf6 Qxf6
16.Nc7 Rd8 17.Nxa8 Rxd1 18.Raxd1 bxa3 19.Nb6 Na7 20.Rc1 Qd8 21.Nxc8 Qxc8
22.Rfd1 Qe8 23.Ne2 Qa4 24.Nd4 g6 25.Bb3 Qa5 26.Rc4 Bc5 27.Nc2 Nc6 28.g3 Ne5
29.Ra4 Qc3 30.Rb1 Nf3+ 31.Kg2 Nd2 {#R} 0-1

[Event "It (open)"]
[Site "masterchessopen.com Latschach (Austria)"]
[Date "2009.08.08"]
[Round "1"]
[White "Wiesbeck Florian (AUT)"]
[Black "Turov Maxim (RUS)"]
[Result "0-1"]
[WhiteElo "1954"]
[BlackElo "2561"]

1.d4 Nf6 2.c4 e6 3.Nc3 Bb4 4.e3 O-O 5.Ne2 Re8 6.a3 Bf8 7.Ng3 d6 8.Bd3 e5
9.dxe5 dxe5 10.O-O a5 11.Qc2 c6 12.Rd1 Qc7 13.Nce4 Nxe4 14.Bxe4 g6 15.Bd2 f5
16.Bd3 a4 17.Bb4 Be6 18.Rac1 Nd7 19.c5 e4 20.Bc4 Ne5 21.Bxe6+ Rxe6 22.Rd2 Nd3
23.Rcd1 Re5 24.Qc4+ Qf7 25.Qxf7+ Kxf7 {#R} 0-1